Frontier and Overseas Expeditions From India (Record no. 187366)

000 -LEADER
fixed length control field 00574 a2200157 4500
003 - CONTROL NUMBER IDENTIFIER
control field Nust
005 - DATE AND TIME OF LATEST TRANSACTION
control field 20170207153502.0
040 ## - CATALOGING SOURCE
Transcribing agency Nust
082 ## - DEWEY DECIMAL CLASSIFICATION NUMBER
Classification number 954
245 ## - TITLE STATEMENT
Title Frontier and Overseas Expeditions From India
Statement of responsibility, etc. W malleson
260 ## - PUBLICATION, DISTRIBUTION, ETC.
Place of publication, distribution, etc. India
Name of publisher, distributor, etc. SP Govt Printing India
Date of publication, distribution, etc. 1980
300 ## - PHYSICAL DESCRIPTION
Extent 48:p
505 ## - FORMATTED CONTENTS NOTE
Formatted contents note Events Leading to the Expedition (Page-1) Commencement of Operation to Establishment (Page-9) Punitive Measures in Bazaar Valley (Page-14) Overtures for Settlement to Withdrawal of Troops (Page-18)
538 ## - SYSTEM DETAILS NOTE
System details note Almirah No.62 Shelf No.3
650 ## - SUBJECT ADDED ENTRY--TOPICAL TERM
Topical term or geographic name entry element India Expeditions
942 ## - ADDED ENTRY ELEMENTS (KOHA)
Source of classification or shelving scheme
Koha item type Book
Holdings
Withdrawn status Lost status Source of classification or shelving scheme Damaged status Not for loan Collection code Permanent Location Current Location Date acquired Total Checkouts Full call number Barcode Date last seen Price effective from Koha item type
            Military College of Signals (MCS) Military College of Signals (MCS) 12/12/2016   954 FRO MCS30237 12/08/2016 12/12/2016 Book
© 2023 Central Library, National University of Sciences and Technology. All Rights Reserved.